| 000 | 00562nam a22001817a 4500 | ||
|---|---|---|---|
| 003 | OSt | ||
| 005 | 20240603055854.0 | ||
| 008 | 240603b |||||||| |||| 00| 0 eng d | ||
| 020 | _a9780367664633 | ||
| 040 | _cn | ||
| 082 | _a728.09418 R69 2019 | ||
| 100 | _aRowley, Ellen | ||
| 245 |
_aHOUSING, ARCHITECTURE AND THE EDGE CONDITION : dublin is building, 1935 - 1975 / _cEllen Rowley |
||
| 260 | _bNew York Routledge 2019 | ||
| 300 | _a294 pages, 23 cm. | ||
| 650 | _zArchitecture-Domestic-Ireland--Dublin-History-20th century-Housing | ||
| 942 |
_2ddc _cBK-EN _n0 |
||
| 999 |
_c6917 _d6917 |
||